000 02198nam0a2200397 4500
001 RU\NLR\BIBL_A\012815036
005 20220627153927.0
010 _a978-5-9614-7308-7
_bсерия
010 _a978-5-9614-7629-3
_93000
021 _aRU
_bКН-П-22-017217
_9КН-П-22-1483
035 _a(NLR Aleph) 012815036
035 _a(RuMoRGB)011014735
090 _a13219624
_c13219624
100 _a20220609d2022 u y0rusy50 ca
101 1 _arus
_cger
102 _aRU
105 _aa z 000ay
181 0 _ab3
_bxb2e
181 0 _ai2
_baxxe
182 0 _an
200 1 _aОгрики
_iПриключения в космосе
_eдля чтения взрослыми детям
_e[перевод с немецкого]
_fЭрхард Дитль
_gиллюстрации: Э. Дитль
203 _aИзображение
_aТекст
_bвизуальные
_cнепосредственные
210 _aМосква
_cАльпина Паблишер
_cАльпина. дети
_d2022
215 _a[41] с.
_cцв. ил.
_d27
225 1 _aСерия "Приключения Огриков"
330 _aОтправляемся покорять космос вместе с храбрыми Огриками! Вы узнаете самые жабечательные факты о каждой планете нашей Солнечной системы, пролетите сквозь метеоритное облако и даже совершите выход в открытый космос вместе с дедушкой Огри! Самая огриковская книга про планеты и звёзды! Подходит для совместного и самостоятельного чтения для ребят от 3 лет
333 _a0+
686 0 _aШ9(4Г)60-4
700 1 _7ca
_8rus
_aДитль
_bЭ.
_f1953-
_gЭрхард
_9238651
_3RU\NLR\AUTH\770238707
702 1 _4440
_7ca
_8rus
_aДитль
_bЭ.
_f1953-
_gЭрхард
_9238651
_3RU\NLR\AUTH\770238707
942 _cBOOK
980 _aNB